La théorie grecque du droit et le classicisme actuel.
Guardat en:
| Autor principal: | |
|---|---|
| Format: | Llibre |
| Publicat: |
Athènes, Grèce:
Xénos,
1946.
|
| Matèries: | |
| Etiquetes: |
Afegir etiqueta
Sense etiquetes, Sigues el primer a etiquetar aquest registre!
|
MARC
| LEADER | 00000nam a2200000 a 4500 | ||
|---|---|---|---|
| 001 | UCS1845 | ||
| 003 | CL-VaPUC | ||
| 005 | 20220822114510.0 | ||
| 008 | 220617b1946 ||||| |||| 00| 0 eng d | ||
| 999 | |c 436107 |d 436105 | ||
| 040 | |c Pontificia Universidad Católica de Valparaíso | ||
| 082 | |a 340.4 PER 1946 | ||
| 100 | 0 | |a Periphanakis, Constantin Emm. |e autor |9 386688 | |
| 245 | 1 | 3 | |a La théorie grecque du droit et le classicisme actuel. |
| 260 | |a Athènes, Grèce: |b Xénos, |c 1946. | ||
| 300 | |a 218 páginas. | ||
| 500 | |a c.1 Donación Familia Prof. Alejandro Guzmán Brito. | ||
| 583 | |a last modification |c 19970515 00:00:00 |k Cristina María Rojas Aguilar | ||
| 650 | |a Derecho |z Grecia |x Filosofía |9 871047 | ||
| 942 | |c BK |2 ddc |n 0 | ||
| 952 | |0 0 |1 0 |2 ddc |4 0 |6 340_400000000000000_PER_1946 |7 0 |8 C_AGB |9 583838 |a BIBDER |b BIBDER |d 2022-06-17 |e Donación |i 5651959 |o 340.4 PER 1946 |p 5651959 |r 2023-01-25 |t 1 |w 2022-06-17 |y BK_US |k AGB | ||